Nom de Pokémon à trou (#1) - Statistiques

Statistiques générales
  • Ce quiz a été pris 57 fois
  • Le résultat moyen est 8 sur 10
Statistiques - réponses
Nom à trou Pokémon % Correct
C_r_p_c_ Carapuce
100%
Gr_v_l_nch Gravalanch
98%
K_b_t_ps Kabutops
86%
G_l_m_st_c Golemastoc
82%
Cr_c_r_bl_ Crocorible
78%
M_ngl__t_n Manglouton
78%
C_rn_br_ Cornèbre
76%
D_f_n Dofin
70%
Kr_v_r_ch Kravarech
68%
_ct_ll_r_ Octillery
62%
Aucun quiz correspondant
Distribution des résultats
% des personnes avec chaque résultat
Percentile par nombre de réponses
Votre historique - résultats
Vous n’avez pas pris ce quiz